00317nam a22000977a 4500008004100000082002000041245006800061260007400129300000900203440000700212230629b xxu||||| |||| 00| 0 eng d a338.9bUON 1982 aThe Role of Public Enterprises in Development in Eastern Africa aKenyabInstitute for Development Studies, University of Nairobic1982 a230p n39